The noble scholar, jurist, historian


 His Excellency Dr. Abdul Wahhab bin Ibrahim Abu Sulaiman, may Allah have mercy on him.


 He was born in Umm Al-Qura in the year 1356 AH.

مقرر التوحيد والفقه للسنة الثالثة الابتدائية / (Record no. 14201)

MARC details
000 -LEADER
fixed length control field 01167cam a2200229 i 4500
003 - CONTROL NUMBER IDENTIFIER
control field SA-RiAUC
005 - DATE AND TIME OF LATEST TRANSACTION
control field 20260128122213.0
008 - FIXED-LENGTH DATA ELEMENTS--GENERAL INFORMATION
fixed length control field 260127q19601969su f 000 0 ara c
040 ## - CATALOGING SOURCE
Original cataloging agency SA-JeALM
Language of cataloging ara
Transcribing agency SA-RiAUC
Description conventions rda
082 04 - DEWEY DECIMAL CLASSIFICATION NUMBER
Classification number 372.19
090 ## - LOCALLY ASSIGNED LC-TYPE CALL NUMBER (OCLC); LOCAL CALL NUMBER (RLIN)
Classification number (OCLC) (R) ; Classification number, CALL (RLIN) (NR) 372.19
Local cutter number (OCLC) ; Book number/undivided call number, CALL (RLIN) ا ب ن ع
100 1# - MAIN ENTRY--PERSONAL NAME
Personal name ابن عبد الوهاب، محمد بن عبد الوهاب بن سليمان،
Dates associated with a name 1115-1206 هجري
Relator term مؤلف.
245 10 - TITLE STATEMENT
Title مقرر التوحيد والفقه للسنة الثالثة الابتدائية /
Remainder of title من كتابي الأصول الثلاثة وشروط الصلاة لشيخ الإسلام محمد بن عبدالوهاب رحمه الله
Statement of responsibility, etc. محمد بن عبد الوهاب. لخصه محمد بن عبدالعزيز بن مانع .
264 #1 - PRODUCTION, PUBLICATION, DISTRIBUTION, MANUFACTURE, AND COPYRIGHT NOTICE
Place of production, publication, distribution, manufacture القاهرة :
Name of producer, publisher, distributor, manufacturer عمر عبدالجبار ،
-- دار مصر للطباعة .
Date of production, publication, distribution, manufacture, or copyright notice [بين 1900 و1999]
300 ## - PHYSICAL DESCRIPTION
Extent 14 صفحة
Dimensions 20 سم.
336 ## - CONTENT TYPE
Content type term نص
Content type code txt
Source rdacontent
Materials specified كتاب
337 ## - MEDIA TYPE
Media type term بدون وسيط
Media type code n
Source rdamedia
650 #7 - SUBJECT ADDED ENTRY--TOPICAL TERM
Topical term or geographic name entry element الإسلام
General subdivision دراسة وتعليم
Source of heading or term aucsh
650 #7 - SUBJECT ADDED ENTRY--TOPICAL TERM
Topical term or geographic name entry element علم الكلام
Source of heading or term aucsh
942 ## - ADDED ENTRY ELEMENTS (KOHA)
Source of classification or shelving scheme Dewey Decimal Classification
Koha item type Books
Suppress in OPAC No
949 ## - LOCAL PROCESSING INFORMATION (OCLC)
a SA-JeALM
d 260127
u osman123
n 1
Holdings
Withdrawn status Lost status Source of classification or shelving scheme Damaged status Not for loan Home library Current library Date acquired Total checkouts Full call number Barcode Date last seen Price effective from Koha item type
    Dewey Decimal Classification     DR AbdElwahab Library DR AbdElwahab Library 01/28/2026   372.19 ا ب ن ع 000022662 01/28/2026 01/28/2026 Books